000 00739nam a2200205 i 4500
001 148708
003 ES-MaACL
005 20231222063055.0
007 t|
008 070214s1959 sp |||| | spa d
080 _a811.134.2'35(075.3)
100 1 _aSuárez Rodríguez, José Luis,
_d1931-2020
_9108655
245 1 0 _aProntuario de ortografía usual y técnica para la enseñanza media y laboral /
_cJosé Luis Suárez Rodríguez ; prólogo de Arsenio Pacios López.
260 _aMadrid :
_b[s. n.],
_c1959 (
_fGráf. F. Martínez)
300 _a184 p. ;
_c16 cm.
650 0 4 _aLengua española-
_xOrtografía.
_914177
700 1 _aPacios López, Arsenio.
_988152
852 _aES-MaACL
_jD-6228
999 _c148708
_d148708